Normal view
MARC view
Entry Personal Name
001 - CONTROL NUMBER
- control field: 529225
003 - CONTROL NUMBER IDENTIFIER
- control field: OSt
005 - DATE AND TIME OF LATEST TRANSACTION
- control field: 20220930071943.0
008 - FIXED-LENGTH DATA ELEMENTS
- fixed length control field: 220930|| aca||aabn | a|a d
040 ## - CATALOGING SOURCE
- Original cataloging agency: OSt
- Transcribing agency: OSt
100 ## - HEADING--PERSONAL NAME
- Personal name: Gangal Manjula
670 ## - SOURCE DATA FOUND
- Source citation: Work cat.: (OSt)863115: Gangal Manjula, Maansatar tulsi kavya mein bhib vidhan, 1976
